| 000 | 00826nam a22003017a 4500 | ||
|---|---|---|---|
| 001 | BR7703426 | ||
| 003 | BR-BrBNA | ||
| 005 | 20230928085324.0 | ||
| 007 | ta | ||
| 008 | 230509b bl.||||| |||| 00| 0 por d | ||
| 040 |
_aBR-BrBNA _bpor _cBiblioteca Nacional de Agricultura |
||
| 041 | _a(Por) | ||
| 072 |
_aP05; K50 _b8961 _b8915 _b8905 _b9530 _b/G514 |
||
| 090 | _ 8961 BR7703426 | ||
| 100 | 1 | _aRodrigues, E.C. | |
| 245 | 1 | _aAlcool, lenha, carvao e oleos vegetais [Recurso energetico; Combustivel; Brasil] | |
| 260 | 3 |
_aSao Paulo, SP (Brasil): _c1977. |
|
| 300 | _a11 p. | ||
| 650 | _aRecurso energetico | ||
| 650 | _aIndustria florestal | ||
| 650 | _aAlcool | ||
| 650 | _aLenha | ||
| 650 | _aCarvao | ||
| 650 | _aOleo vegetal | ||
| 650 | _aCombustivel | ||
| 909 |
_a202309 _bLucia _c55 _dLucia Elande |
||
| 942 | _cBK | ||
| 999 |
_c23842 _d23842 |
||